PRE TEST EMERGENCY MEDICINE (Record no. 216853)
[ view plain ]
| 000 -LEADER | |
|---|---|
| fixed length control field | 00473nam a22001817a 4500 |
| 008 - FIXED-LENGTH DATA ELEMENTS--GENERAL INFORMATION | |
| fixed length control field | 260323b |||||||| |||| 00| 0 eng d |
| 020 ## - INTERNATIONAL STANDARD BOOK NUMBER | |
| International Standard Book Number | 978-1-259-25117-7 |
| 100 ## - MAIN ENTRY--PERSONAL NAME | |
| Personal name | ROSH ADAM J. |
| 245 ## - TITLE STATEMENT | |
| Title | PRE TEST EMERGENCY MEDICINE |
| 250 ## - EDITION STATEMENT | |
| Edition statement | 4TH ED. |
| 260 ## - PUBLICATION, DISTRIBUTION, ETC. | |
| Place of publication, distribution, etc. | NEW YORK |
| Name of publisher, distributor, etc. | MCGRAW HILL |
| Date of publication, distribution, etc. | 2016 |
| 300 ## - PHYSICAL DESCRIPTION | |
| Extent | XIII,608P. |
| 500 ## - GENERAL NOTE | |
| General note | INCLUDES AN INDEX |
| 650 ## - SUBJECT ADDED ENTRY | |
| Topical term or geographic name entry element | EMERGENCY MEDICINE |
| 700 ## - ADDED ENTRY--PERSONAL NAME | |
| Personal name | CIARA BARCLAY-BUCHANAN |
| 942 ## - ADDED ENTRY ELEMENTS (KOHA) | |
| Source of classification or shelving scheme | Library of Congress Classification |
| Koha item type | Long Loan Book |
| Withdrawn status | Lost status | Source of classification or shelving scheme | Damaged status | Not for loan | Collection | Home library | Current library | Shelving location | Date acquired | Inventory number | Total checkouts | Full call number | Barcode | Date last seen | Copy number | Price effective from | Koha item type |
|---|---|---|---|---|---|---|---|---|---|---|---|---|---|---|---|---|---|
| Library of Congress Classification | Medicine | Kisii University Library | Kisii University Library | On Display | 03/23/2026 | 112499 | RC 86.9 .R67 2016 | A000222 | 03/23/2026 | C.1 | 03/23/2026 | Long Loan Book | |||||
| Library of Congress Classification | Medicine | Kisii University Library | Kisii University Library | On Display | 03/23/2026 | 112500 | RC 86.9 .R67 2016 | A000220 | 03/23/2026 | C.2 | 03/23/2026 | Long Loan Book | |||||
| Library of Congress Classification | Medicine | Kisii University Library | Kisii University Library | On Display | 03/23/2026 | 112501 | RC 86.9 .R67 2016 | A000173 | 03/23/2026 | C.3 | 03/23/2026 | Long Loan Book | |||||
| Library of Congress Classification | Medicine | Kisii University Library | Kisii University Library | On Display | 03/23/2026 | 112502 | RC 86.9 .R67 2016 | A000178 | 03/23/2026 | C.4 | 03/23/2026 | Long Loan Book |